Statistics for Ann Arbor Quiz

Click here to take the quiz!

General Stats

  • This quiz has been taken 36 times
    (31 since last reset)
  • The average score is 12 of 30

Answer Stats

HintAnswer% Correct
Highest-ranked state university in the US, oldest college in MichiganUniversity of Michigan
93%
Ann Arbor is the seat of this countyWashtenaw
87%
Largest football stadium in the countryThe Big House
87%
Its 11-time national champion football programMichigan Wolverines
67%
River running through the cityHuron River
67%
Public high school founded in 1969 due to overcrowding at the other schoolHuron High School
67%
Famous system of local restaurants, flagshipped by the RoadhouseZingerman's
67%
Historic district made up of shops and small businessesKerrytown
67%
Public high school founded in 1856, originally named Union SchoolPioneer High School
60%
The current coach of that team, a.k.a. Ann Arbor JesusJim Harbaugh
60%
A former coach known for his intense motivational speechesBo Schembechler
60%
Public high school founded in 2008, runs on a trimester scheduleSkyline High School
53%
Common abbreviated formA2
53%
Fun museum aimed at children who like to touchHands-On Museum
40%
Spinning, cubic structure on the University campusEndover
40%
World-famous burger joint downtown (visited by Guy Fieri)Krazy Jim's Blimpy Burger
33%
Public library system that holds innumerate contests over the summerAnn Arbor District Library
27%
Public high school founded in 1972, accepts applicants through a lotteryCommunity High School
27%
Mostly-outdoor conservatory with nature trails and extensive gardensMatthaei Botanical Gardens
20%
Cabinet Magazine's "World's Most Phallic Building" 2003 (neighboring town)Ypsilanti Water Tower
20%
Founding year1824
20%
Cleverly named ice rinkA2 Ice3
20%
The West Side's best donut jointDimo's Deli & Donuts
13%
Public high school founded in 2014 as a specialized learning environmentPathways High School
13%
The only ICHSA registered a cappella ensemble in AAPSSkyline Blues
7%
Car show held annually downtownRolling Sculpture Car Show
7%
County-wide youth swimming league that competes over the summerWashtenaw Interclub Swim Conference
7%
Home of Mount Nacheesmo, as featured on Man v. FoodTio's Mexican Café
7%
Nationally-renowned club swim team (Michael Phelps trained with them)Club Wolverine
7%
A popular youth attraction opened at Veteran's Memorial Park in 2014Ann Arbor Skatepark
7%

Score Distribution

Percentile by Number Answered

Percent of People with Each Score

Your Score History

You have not taken this quiz since the last reset